Rolling Stones 500 Greatest Songs of All Time - Statistics

General Stats
  • This quiz has been taken 73 times
  • The average score is 122 of 500
Answer Stats
Artist Song % Correct
Lana Del Rey A & W
94%
Michael Jackson Billie Jean
74%
Nirvana Smells Like Teen Spirit
72%
Toto Africa
70%
U2 One
70%
Aretha Franklin Respect
66%
The Beatles Hey Jude
62%
The Eagles Hotel California
62%
Queen and David Bowie Under Pressure
62%
Radiohead Creep
60%
Whitney Houston I Will Always Love You
60%
Eminem ft. Dido Stan
60%
Weezer Buddy Holly
58%
R.E.M. Losing My Religion
58%
Led Zeppelin Stairway to Heaven
58%
Bruce Springsteen Born to Run
57%
Outkast Hey Ya!
57%
Prince and The Revolution Purple Rain
57%
Queen Bohemian Rhapsody
55%
Carly Rae Jepsen Call Me Maybe
55%
Gnarls Barkley | Patsy Cline Crazy
55%
David Bowie Heroes
55%
Van Halen Jump
55%
The Beatles Let It Be
55%
Madonna Like a Prayer
55%
The Animals The House of the Rising Sun
55%
Michael Jackson Beat It
53%
The Mamas and the Papas California Dreamin'
53%
Blue Öyster Cult (Don't Fear) The Reaper
53%
Lynyrd Skynyrd Free Bird
53%
Bon Jovi Livin' on a Prayer
53%
Sinéad O'Connor Nothing Compares 2 U
53%
Lil Nas X Old Town Road
53%
Carly Simon You're So Vain
53%
Journey Don't Stop Believin'
51%
Leonard Cohen Hallelujah
51%
Derek and the Dominoes Layla
51%
Pet Shop Boys West End Girls
51%
Oasis Wonderwall
51%
Aerosmith Dream On
49%
The Who My Generation
49%
Black Sabbath Paranoid
49%
The Jimi Hendrix Experience Purple Haze
49%
Earth, Wind, and Fire September
49%
Eurthymics Sweet Dreams (Are Made of This)
49%
The Who Baba O'Riley
47%
Simon and Garfunkel Bridge Over Troubled Water
47%
Fleetwood Mac Dreams
47%
Tears for Fears Everybody Wants to Rule the World
47%
The Police Every Breath You Take
47%
Daft Punk ft. Pharrell Williams Get Lucky
47%
Sex Pistols God Save the Queen
47%
The Beach Boys Good Vibrations
47%
The Rolling Stones (I Can't Get No) Satisfaction
47%
John Lennon Imagine
47%
The Clash London Calling
47%
Ben E. King Stand by Me
47%
Guns N' Roses Sweet Child O' Mine
47%
Prince and The Revolution When Doves Cry
47%
The Pixies Where Is My Mind?
47%
The Jimi Hendrix Experience All Along the Watchtower
45%
Cher Believe
45%
The Beatles Help!
45%
The Killers Mr. Brightside
45%
Elton John Rocket Man
45%
Louis Armstrong What a Wonderful World
45%
Pink Floyd Wish You Were Here
45%
Harry Styles As It Was
43%
Amy Winehouse Back to Black
43%
Ramones Blitzkrieg Bop
43%
ABBA Dancing Queen
43%
Metallica Enter Sandman
43%
Blondie Heart of Glass
43%
Big Mama Thornton Hound Dog
43%
Dolly Parton Jolene
43%
Bee Gees Stayin' Alive
43%
Stevie Wonder Superstition
43%
Britney Spears Toxic
43%
Madonna Vogue
43%
Marvin Gaye What's Going On
43%
U2 With or Without You
43%
The Beatles Yesterday
43%
Sex Pistols Anarchy in the U.K.
42%
Lady Gaga Bad Romance
42%
Stevie Nicks Edge of Seventeen
42%
Foo Fighters Everlong
42%
Creedence Clearwater Revival Fortunate Son
42%
The Beatles I Want to Hold Your Hand
42%
Gloria Gaynor I Will Survive
42%
Elvis Presley Jailhouse Rock
42%
Beck Loser
42%
Creedence Clearwater Revival Proud Mary
42%
David Bowie Space Oddity
42%
The Rolling Stones Sympathy for the Devil
42%
Cyndi Lauper Time After Time
42%
The Kinks You Really Got Me
42%
Soundgarden Black Hole Sun
40%
Pink Floyd Comfortably Numb
40%
Tracy Chapman Fast Car
40%
Phil Collins In the Air Tonight
40%
Black Sabbath Iron Man
40%
Chuck Berry Johnny B. Goode
40%
Bob Dylan Like a Rolling Stone
40%
The Rolling Stones Paint It, Black
40%
Missy Elliott The Rain (Supa Dupa Fly)
40%
Red Hot Chili Peppers Under the Bridge
40%
Mark Ronson ft. Bruno Mars Uptown Funk
40%
Prince 1999
38%
Britney Spears ...Baby One More Time
38%
Nirvana Come As You Are
38%
Fleetwood Mac Go Your Own Way
38%
Jerry Lee Lewis Great Balls of Fire
38%
50 Cent In Da Club
38%
Prince Kiss
38%
The Doors Light My Fire
38%
Bob Marley and the Wailers No Woman No Cry
38%
Johnny Cash Ring of Fire
38%
Alice Cooper School's Out
38%
Beyoncé Single Ladies (Put a Ring On It)
38%
TLC Waterfalls
38%
Jefferson Airplane White Rabbit
38%
Beyoncé ft. Jay-Z Crazy in Love
36%
Marvin Gaye Let's Get it On
36%
The Kinks Lola
36%
Pearl Jam Alive
34%
Martha Reeves and The Vandellas Dancing in the Street
34%
Depeche Mode Enjoy the Silence
34%
Tom Petty Free Fallin'
34%
Patti Smith | Them Gloria
34%
Duran Duran Hungry Like the Wolf
34%
Backstreet Boys I Want It That Way
34%
Prince Little Red Corvette
34%
Eminem Lose Yourself
34%
Boston More Than a Feeling
34%
Adele Rolling in the Deep
34%
Kate Bush Running Up That HIll
34%
Beastie Boys Sabotage
34%
Otis Redding (Sittin' On) the Dock of the Bay
34%
Rihanna ft. Jay-Z Umbrella
34%
Lou Reed Walk on the Wild Side
34%
Tina Turner What's Love Got to Do With It
34%
The Beatles A Day in the Life
32%
Billie Eilish Bad Guy
32%
Bob Dylan Blowin' in the Wind
32%
Fats Domino Blueberry Hill
32%
David Bowie Changes
32%
Fiona Apple Criminal
32%
Ray Charles Georgia on My Mind
32%
The Beach Boys God Only Knows
32%
The Jackson 5 I Want You Back
32%
Rod Stewart Maggie May
32%
The Temptations My Girl
32%
M.I.A. Paper Planes
32%
The Isley Brothers Shout (Parts 1 and 2)
32%
The Beatles Something
32%
Elvis Presly Suspicious Minds
32%
Elton John Tiny Dancer
32%
Don Henley Boys of Summer
30%
Public Enemy Fight the Power
30%
N.W.A. Fuck tha Police
30%
James Brown Get Up (I Feel Like Being A Sex Machine)
30%
Elvis Presley Heartbreak Hotel
30%
Gladys Knight and the Pips Midnight Train to Georgia
30%
Bob Dylan | The Byrds Mr. Tambourine Man
30%
Sugar Hill Gang Rapper's Delight
30%
The B 52's Rock Lobster
30%
Lorde Royals
30%
The Beatles Strawberry Fields Forever
30%
Rick James Super Freak
30%
Simon and Garfunkel The Sounds of Silence
30%
Motörhead Ace of Spades
28%
Bill Withers A'int no Sunshine
28%
Tom Petty and the Heartbreakers American Girl
28%
Procol Harum A Whiter Shade of Pale
28%
Patti Smith Because the Night
28%
New Order Blue Monday
28%
Nine Inch Nails Closer
28%
The Beatles Eleanor Rigby
28%
The Rolling Stones Gimme Shelter
28%
The Monkees I'm a Believer
28%
Whitney Houston I Wanna Dance With Somebody (Who Loves Me)
28%
Led Zeppelin Kashmir
28%
The Kingsmen Louie Louie
28%
Iggy Pop Lust for Life
28%
TLC No Scrubs
28%
Talking Heads Once in a Lifetime
28%
Buddy Holly Peggy Sue
28%
Bob Marley and The Wailers Redemption Song
28%
Joni Mitchell River
28%
N.W.A. Straight Outta Compton
28%
Thin Lizzy The Boys Are Back in Town
28%
Bruce Springsteen Thunder Road
28%
Little Richard Tutti Frutti
28%
Led Zeppelin Whole Lotta Love
28%
Harry Nilsson Without You
28%
Alanis Morissette You Oughta Know
28%
Mott the Hoople All the Young Dudes
26%
Etta James At Last
26%
Bo Diddley Bo Diddley
26%
2Pac California Love
26%
The Breeders Cannonball
26%
BTS Dynamite
26%
Mazzy Star Fade Into You
26%
Marvin Gaye I Heard It Through the Grapevine
26%
Johnny Cash I Walk the Line
26%
The Rolling Stones Jumpin' Jack Flash
26%
Rage Against the Machine Killing in the Name
26%
Metallica Master of Puppets
26%
Outkast Ms. Jackson
26%
The White Stripes Seven Nation Army
26%
The Beatles She Loves You
26%
Tammy Wynette Stand By Your Man
26%
Usher ft. Lil Jon and Ludacris Yeah!
26%
Elton John Your Song
26%
Jay-Z 99 Problems
25%
Joan Jett Bad Reputation
25%
The Ronettes Be My Baby
25%
Pretenders Brass in Pocket
25%
Neneh Cherry Buffalo Stance
25%
Pulp Common People
25%
Olivia Rodrigo Driver's License
25%
Sly and the Family Stone Family Affair
25%
Cat Stevens/Yusuf Father and Son
25%
Deee-Lite Groove Is in the Heart
25%
Neil Young Heart of Gold
25%
Ice Cube It Was a Good Day
25%
Fleetwood Mac Landslide
25%
Janet Jackson Rhythm Nation
25%
Ike and Tina Turner River Deep, Mountain High
25%
Peter Gabriel Solsbury Hill
25%
Eddie Cochran Summertime Blues
25%
Cheap Trick Surrender
25%
The Kinks Waterloo Sunset
25%
The Who Won't Get Fooled Again
25%
Elton John Bennie and the Jets
23%
Roy Orbison Crying
23%
Little Richard Good Golly, Miss Molly
23%
The Beatles In My LIfe
23%
U2 I Still Haven't Found What I'm Looking For
23%
The Strokes Last Nite
23%
Rush Limelight
23%
Blackstreet ft. Dr. Dre and Queen Pen No Diggity
23%
Santana Oye Como Va
23%
Kiss Rock and Roll All Nite
23%
Fall Out Boy Sugar We're Goin' Down
23%
Ariana Grande Thank U, Next
23%
Grandmaster Flash and the Furious Five The Message
23%
The Smiths There is a Light That Never Goes Out
23%
The Righteous Brothers Unchained Melody
23%
Glen Campbell Wichita Lineman
23%
The Rolling Stones Wild Horses
23%
Sam Cooke A Change Is Gonna Come
21%
Taylor Swift Blank Space
21%
Wu-Tang Clan C.R.E.A.M.
21%
The Byrds Eight Miles High
21%
James Taylor Fire and Rain
21%
Jeff Buckley Grace
21%
Booker T. and the MGs Green Onions
21%
The Cure Just Like Heaven
21%
Fugees | Roberta Flack Killing Me Softly With His Song
21%
Joy Division Love Will Tear Us Apart
21%
The Go-Gos Our Lips Are Sealed
21%
James Brown Papa's Got a Brand New Bag
21%
Childish Gambino Redbone
21%
Billie Holiday Strange Fruit
21%
Kanye West Stronger
21%
Bob Dylan Tangled Up in Blue
21%
The Band The Weight
21%
Lizzo Truth Hurts
21%
Green Day Basket Case
19%
The Notorious B.I.G. Big Poppa
19%
Hole Doll Parts
19%
George Michael Freedom! 90
19%
Missy Elliott Get Ur Freak On
19%
The Smiths How Soon Is Now?
19%
Radiohead Karma Police
19%
SZA Kill Bill
19%
David Bowie Life on Mars?
19%
Kanye West ft. Pusha T Runaway
19%
Marvin Gaye Sexual Healing
19%
Ramones Sheena Is a Punk Rocker
19%
Kelly Clarkson Since U Been Gone
19%
Nicki Minaj Super Bass
19%
The Zombies Time of the Season
19%
Elvis Costello Alison
17%
New Order Bizarre Love Triangle
17%
Joni Mitchell Both Sides Now
17%
Sly and the Family Stone Everyday People
17%
Mariah Carey Fantasy
17%
Drake Hotline Bling
17%
Rob Base and DJ E-Z Rock It Takes Two
17%
Al Green Let's Stay Together
17%
Yeah Yeah Yeahs Maps
17%
INXS Never Tear Us Apart
17%
Michael Jackson Rock With You
17%
Dusty Springfield Son of a Preacher Man
17%
The Supremes Stop! In the Name of Love
17%
Smokey Robinson and The Miracles The Tracks of My Tears
17%
Allman Brothers Band Whipping Post
17%
Beach Boys Wouldn't It Be Nice
17%
AC/DC You Shook Me All Night Long
17%
Taylor Swift All Too Well
15%
Lil Wayne A Milli
15%
Robyn Dancing on My Own
15%
Coldplay Fix You
15%
Beyoncé Formation
15%
Dixie Chicks Goodbye Earl
15%
Donna Summer I Feel Love
15%
Diana Ross I'm Coming Out
15%
Biz Markie Just a Friend
15%
Chuck Berry Maybelline
15%
R.E.M. Radio Free Europe
15%
Destiny's Child Say My Name
15%
Buddy Holly That'll Be the Day
15%
Smokey Robinson and the Miracles The Tears of a Clown
15%
Dionne Warwick | Isaac Hayes Walk on By
15%
David Bowie Young Americans
15%
Azealia Banks 212
13%
Rufus and Chaka Khan A'int Nobody
13%
Aaliyah Are You That Somebody?
13%
Outkast B.O.B.
13%
Aretha Franklin Chain of Fools
13%
Lauryn Hill Doo Wop (That Thing)
13%
Daddy Yankee Gasolina
13%
The Flamingos I Only Have Eyes For You
13%
Screamin' Jay Hawkins I Put a Spell On You
13%
Bill Withers Lean on Me
13%
The Jimi Hendrix Experience Little Wing
13%
R.E.M. Nightswimming
13%
The Temptations Papa Was a Rollin' Stone
13%
DMX Party Up (Up in Here)
13%
The Impressions People Get Ready
13%
Nick Drake Pink Moon
13%
The Four Tops Reach Out (I'll be there)
13%
The Rolling Stones Tumbling Dice
13%
Ray Charles What'd I Say
13%
Joni Mitchell A Case of You
11%
Kendrick Lamar Alright
11%
Migos ft. Lil Uzi Vert Bad and Boujee
11%
Loretta Lynn Coal Miner's Daughter
11%
Bob Marley and The Wailers Get Up, Stand Up
11%
George Jones He Stopped Loving Her Today
11%
Stevie Wonder Higher Ground
11%
The Four Tops I Can't Help Myself (Sugar Pie, Honey Bunch)
11%
Bonnie Raitt I Can't Make You Love Me
11%
Alicia Keys If I A'int Got You
11%
Cardi B, J Balvin and Bad Bunny I Like It
11%
Wilson Pickett In the Midnight Hour
11%
Madonna Into the Groove
11%
Notorious B.I.G. Juicy
11%
Bruce Springsteen Jungle Land
11%
The Cars Just What I Needed
11%
The Shangri-Las Leader of the Pack
11%
Merle Haggard Mama Tried
11%
Television Marquee Moon
11%
Nina Simone Mississippi Goddam
11%
Bob Seeger Night Moves
11%
Sade No Ordinary Love
11%
Dr. Dre ft. Snoop Doggy Dogg Nuthin' But a 'G' Thang
11%
Eric B. and Rakim Paid in Full
11%
Bikini Kill Rebel Girl
11%
Megan Thee Stallion ft. Beyoncé Savage (Remix)
11%
Bob Dylan Subterranean Homesick Blues
11%
Crosby, Stills, Nash and Young Suite: Judy Blue Eyes
11%
Kris Kristofferson Sunday Mornin' Comin' Down
11%
The Velvet Underground Sweet Jane
11%
Woody Guthrie This Land Is Your Land
11%
Talking Heads This Must Be the Place (Naive Melody)
11%
Aretha Franklin (You Make Me Feel Like) A Natural Woman
11%
A Tribe Called Quest Can I Kick It?
9%
Dolly Parton Coat of Many Colors
9%
Robert Johnson Cross Road Blues
9%
Taylor Swift Cruel Summer
9%
Steely Dan Deacon Blues
9%
Chic Good Times
9%
Ann Peebles I Can't Stand the Rain
9%
Radiohead Idioteque
9%
Hank Williams I'm So Lonesome I Could Cry
9%
The Stooges I Wanna Be Your Dog
9%
Muddy Waters Mannish Boy
9%
Curtis Mayfield Move On Up
9%
Luther Vandross Never Too Much
9%
Fiona Apple Paper Bag
9%
Mary J. Blige Real Love
9%
Hall and Oates She's Gone
9%
Mobb Deep Shook Ones, Pt. II
9%
Miles Davis So What
9%
Leonard Cohen Suzanne
9%
Digital Underground The Humpty Dance
9%
Gil-Scott Heron The Revolution Will Not Be Televised
9%
D'Angelo Untitled (How Does It Feel)
9%
The Drifters Up on the Roof
9%
The Doobie Brothers What a Fool Believes
9%
Missy Elliott Work It
9%
Sylvester You Make Me Feel (Mighty Real)
9%
LCD Soundsystem All My Friends
8%
Bruce Springsteen Atlantic City
8%
Juvenile ft. Lil Wayne and Mannie Fresh Back That Azz Up
8%
Willie Nelson Blue Eyes Crying in the Rain
8%
John Lee Hooker Boom Boom
8%
Public Eenemy Bring the Noise
8%
T. Rex Cosmic Dancer
8%
Martha Reeves and the Vandellas Heat Wave
8%
Wilco Heavy Metal Drummer
8%
Joni Mitchell Help Me
8%
Drake ft. Majid Jordan Hold On, We're Going Home
8%
The Staple Singers I'll Take You There
8%
The Five Satins In the Still of the Night
8%
Van Morrison Into the Mystic
8%
Carole King It's Too Late
8%
Bobbie Gentry Ode to Billie Joe
8%
Townes Van Zandt Pancho and Lefty
8%
Afrika Bambaataa and the Soulsonic Force Planet Rock
8%
PH Harvey Rid of Me
8%
Randy Newman Sail Away
8%
Billy Joel Scenes From an Italian Restaurant
8%
Big Star September Gurls
8%
Pavement Summer Babe (Winter Version)
8%
Sonic Youth Teenage Riot
8%
Frank Ocean Thinkin Bout You
8%
Bad Bunny Titi Me Pregunto
8%
Everly Brothers All I Have to Do Is Dream
6%
Sister Nancy Bam Bam
6%
Beyoncé Break My Soul
6%
Bob Marley and the Wailers Could You Be Loved
6%
Solange Cranes in the Sky
6%
Bob Dylan Desolation Row
6%
Liz Phair Divorce Song
6%
Thelma Houston Don't Leave Me This Way
6%
Eslabon Armado and Peso Pluma Ella Baila Sola
6%
Wizkid ft. Tems Essence
6%
Buzzrocks Ever Fallen in Love (With Someone You Shouldn't've)
6%
Parliament Flash Light
6%
Craig Mack ft. Notorious B.I.G., LL Cool J, Busta Rhymes, Rampage Flava in Ya Ear (Remix)
6%
Celia Cruz La Vida Es un Carnaval
6%
Al Green Love and Happiness
6%
Geto Boys Mind Playing Tricks On Me
6%
Funkadelic One Nation Under a Groove
6%
Faces Ooh La La
6%
Lucinda Williams Passionate Kisses
6%
New York Dolls Personality Crisis
6%
The Marvelettes Please Mr. Postman
6%
Neil Young Powderfinger
6%
Curtis Mayfield Pusherman
6%
Bruce Springsteen Rosalita (Come Out Tonight)
6%
Eric Church Springsteen
6%
Jimmy Cliff The Harder They Come
6%
Otis Redding Try a Little Tenderness
6%
Erykah Badu Tyrone
6%
Roxy Music Virginia Plain
6%
Stevie Wonder You Are the Sunshine of My Life
6%
The Supremes You Keep Me Hangin' On
6%
Prince Adore
4%
Neil Young After the Gold Rush
4%
Paul Simon American Tune
4%
John Prine Angel From Montgomery
4%
The Crystals Da Doo Ron Ron
4%
Clipe Grindin
4%
The Weeknd House of Balloons
4%
The Velvet Underground I'm Waiting for the Man
4%
Aretha Franklin I Say a Little Prayer
4%
Steel Pulse Ku Klux Klan
4%
The Replacements Left of the Dial
4%
Rilo Kiley Portions for Foxes
4%
Fountains of Waye Radiation Vibe
4%
The Grateful Dead Ripple
4%
Stevie Wonder Signed, Sealed, Delivered I'm Yours
4%
Run-DMC Sucker MCs
4%
Miranda Lambert The House That Built Me
4%
Pete Rock and CL Smooth They Reminisce Over You
4%
Kraftwerk Trans Europe Express
4%
Bob Dylan Visions of Johanna
4%
The Clash (White Man) in Hammersmith Palais
4%
The Shirelles Will You Love Me Tomorrow
4%
Hank Williams Your Cheatin" Heart
4%
Selena Amor Prohibdo
2%
William DeVaughn Be Thankful for What You Got
2%
The Grateful Dead Box of Rain
2%
The Meters Cissy Strut
2%
UGK ft. Outkast Int'l Players Anthem (I Choose You)
2%
Augustus Pablo King Tubby Meets the Rockers Uptown
2%
Kacey Musgraves Merry Go 'Round
2%
Marshall Jefferson Move Your Body (The House Music Anthem)
2%
Jorge Pen Ponta de Lança Africano (Umbabarauma)
2%
Toots and the Maytals Pressure Drop
2%
Chuck Berry Promised Land
2%
John Coltrane Pt. 1 Acknowledgement
2%
Bad Bunny Safaera
2%
James Brown Say It Loud (I'm Black and I'm Proud)
2%
Howlin' Wolf Spoonful
2%
BTS Spring Day
2%
The Funky 4 + 1 That's the Joint
2%
The Slits Typical Girls
2%
X-Ray Spex On Bondage! Up Yours
0%
The Modern Lovers Roadrummer
0%
No matching quizzes found
Score Distribution
Percent of People with Each Score
Percentile by Number Answered
Your Score History
You have not taken this quiz